Представление документа в формате RUSMARC

ПолеНазваниеЗначение
  Тип записи a
  Библиографический уровень m
001 Контрольный номер RU/SLIB/B/208706532
005 Дата корректировки 20241018083823.7
010 Индекс ISBN __
d Цена 33-85
101 Язык документа __
a Язык текста rus
c Язык оригинала rus
200 Заглавие и сведения об ответственности 1_
a Заглавие "Могучая кучка"
e Сведения, относящиеся к заглавию крат. очерк
f Первые сведения об ответственности Зорина А. П.
b Общее обозначение материала Текст
210 Выходные данные __
a Место издания М.
c Издательство Музыка
d Дата издания 1999
215 Физическое описание __
a Объем 100 с.
c Иллюстрации/тип воспроизводства ил.
225 Серия __
a Серия Музыкальная библиотека для юношества
600 Персоналии __
a Персоналии (Фамилия) Балакирев, М. А.
c Дополнение к имени композитор русский
f Даты 1836-1910
g Полное имя Милий Алексеевич
600 Персоналии __
a Персоналии (Фамилия) Бородин, А. П.
c Дополнение к имени композитор русский
f Даты 1833-1887
g Полное имя Александр Порфирьевич
600 Персоналии __
a Персоналии (Фамилия) Кюи, Ц. А.
c Дополнение к имени композитор русский
f Даты 1835-1918
g Полное имя Цезарь Антонович
600 Персоналии __
a Персоналии (Фамилия) Римский-Корсаков, Н. А.
c Дополнение к имени композитор русский
f Даты 1844-1908
g Полное имя Николай Андреевич
601 Наименование организации как предмет __
a Наименование организации как предмет Могучая кучка, творческое содружество
606 Тематические рубрики __
a Основная рубрика Музыка и зрелищные искусства
606 Тематические рубрики __
a Основная рубрика История музыки
z Хронологическая подрубрика 19 в.
y Географическая подрубрика Россия
610 Ключевые слова __
a Ключевые слова биографии
a Ключевые слова детская литература; персоналии; композиторы; очерки
a Ключевые слова музыкальные организации
a Ключевые слова музыкальные школы
a Ключевые слова творческие содружества
686 Индексы других классификаций __
2 Код системы rubbks
a Классификационный индекс 85.313(2=411.2)52-022.9; ст85.313(2)
700 Автор _1
a Фамилия Зорина
b Имя А. П.
4 Код отношения 070
801 Источник записи _0
a Страна RU
b Организация Муниципальное бюджетное учреждение культуры "Централизованная библиотечная система" г. Сургут (Центральная городская библиотека им. А. С. Пушкина)
g Правила каталогизации ОБ/Бутенко
801 Источник записи _1
a Страна RU
b Организация Муниципальное бюджетное учреждение культуры "Централизованная библиотечная система" г. Сургут (Центральная городская библиотека им. А. С. Пушкина)
g Правила каталогизации ОБ/Бутенко
852 Данные о местонахождении __
j Шифр хранения 85.313(2=411.2)52-022.9
c Каталожный индекс 85.313(2)1-8
i Авторский знак З-86
p Инвентарный номер 72972
901 Тип документа __
t Тип документа m
903 Характеристики (МАРС) __
a Дата передачи 19990902
990 Данные о заказе (DOS) 00
j Количество экземпляров (DOS) 2
t N записи в КСУ для И/У (DOS) 199901